000 00497nam a22001937a 4500
003 MPLRDC
005 20220104113632.0
008 210129b ||||| |||| 00| 0 eng d
020 _a957-0492-76-7
082 _a873.59 NES
100 _aE, NESBIT
245 _a5个孩子和凤凰与魔毯
_c任溶溶译
250 _a第一版
260 _a台湾
_b米娜贝尔出版公司
_c2002
300 _b276
490 _a孩子王国. 2
650 _a英国儿童文学
942 _cBK
_o873.59 NES
999 _c1166
_d1156